FIFA Fussball-Weltmeisterschaft 2018 - Finale 16 Teams - Statistiken

Allgemein
  • Dieses Quiz wurde 1.237 mal gespielt
  • Das Durchschnittsergebnis liegt bei 13 aus 16
Antwortstatistiken
Land % Korrekt
Frankreich
98%
Kroatien
92%
Spanien
92%
Argentinien
91%
Brasilien
88%
England
87%
Belgien
86%
Portugal
85%
Russland
80%
Schweden
80%
Mexiko
72%
Japan
67%
Schweiz
66%
Dänemark
65%
Uruguay
64%
Kolumbien
54%
Keine übereinstimmenden Quizze gefunden
Verteilung der Resultate
Anzahl Personen mit jedem Resultat
Perzentil nach korrekt beantworteten Fragen
Ihre Resultats-Entwicklung
Sie haben dieses Quiz noch nicht gespielt